000 00675nam a2200217Ii 4500
003 JO-AjNU
005 20240113144652.0
008 230605s9999||||xx |||||||||||||| ||und||
040 _aJO-AjNU
_bara
_erda
_cJO-AjNU
041 _aara
050 1 4 _aDS154.52.A2.H873 2014
100 3 _aتاليف الحوراني، احمد عبد الرحيم,
_eauthor
_949890
245 0 0 _aرجال في ذاكرة الوطن، الجزء 1
264 3 1 _aد.م: د.ن، 2014
300 _a357ص
336 _atext
_btxt
_2rdacontent
337 _aunmediated
_bn
_2rdamedia
338 _avolume
_bnc
_2rdacarrier
650 4 _aالاردن- تراجم- تاريخ
_949891
942 _2lcc
_cBK
999 _c25510
_d25510